000 00439nam a2200157 i 4500
001 62392
003 ES-MaACL
005 20230906164647.0
007 t|
008 031120s1914 xxk ||||1| eng d
100 1 _aFenchelle, H. E.
_949243
245 1 0 _aItaly
_b: industrial and financial development /
_cH. E. Fenchelle.
260 _aLondon :
_bEffingham Wilson,
_c1914.
300 _a23 p. ;
_c20 cm.
852 _aES-MaACL
_jT-1447-F-12
999 _c62392
_d62392